Petrological and geochemical arguments for the nature and source of the Szarvaskő complex (Ne-Hungary)
Elmentve itt :
| Szerzők: | |
|---|---|
| Dokumentumtípus: | Cikk |
| Megjelent: |
Department of Mineralogy, Geochemistry and Petrology, University of Szeged
Szeged
2003
|
| Sorozat: | Acta mineralogica-petrographica
1 Acta mineralogica-petrographica : abstract series 1 |
| Kulcsszavak: | Földtan - előadáskivonat, Kőzettan - előadáskivonat, Ásványtan - előadáskivonat, Geokémia - előadáskivonat |
| Tárgyszavak: | |
| Online Access: | http://acta.bibl.u-szeged.hu/31354 |
| LEADER | 01073nab a2200229 i 4500 | ||
|---|---|---|---|
| 001 | acta31354 | ||
| 005 | 20260212145232.0 | ||
| 008 | 161017s2003 hu o 000 hun d | ||
| 022 | |a 0324-6523, 1589-4835 | ||
| 040 | |a SZTE Egyetemi Kiadványok Repozitórium |b hun | ||
| 041 | |a hun | ||
| 100 | 1 | |a Koller Friedrich | |
| 245 | 1 | 0 | |a Petrological and geochemical arguments for the nature and source of the Szarvaskő complex (Ne-Hungary) |h [elektronikus dokumentum] / |c Koller Friedrich |
| 260 | |a Department of Mineralogy, Geochemistry and Petrology, University of Szeged |b Szeged |c 2003 | ||
| 300 | |a 53 | ||
| 490 | 0 | |a Acta mineralogica-petrographica |v 1 | |
| 490 | 0 | |a Acta mineralogica-petrographica : abstract series |v 1 | |
| 650 | 4 | |a Természettudományok | |
| 650 | 4 | |a Föld- és kapcsolódó környezettudományok | |
| 695 | |a Földtan - előadáskivonat, Kőzettan - előadáskivonat, Ásványtan - előadáskivonat, Geokémia - előadáskivonat | ||
| 700 | 0 | 2 | |a Aigner-Torres Mario |e aut |
| 856 | 4 | 0 | |u http://acta.bibl.u-szeged.hu/31354/1/mineralogica_as_001_053.pdf |z Dokumentum-elérés |